[Event "Vienna Advent op"]
[Site "Vienna"]
[Date "2023.12.12"]
[Round "2"]
[White "Balogh, Gerda1"]
[Black "Seyhanoglu, Deniz"]
[Result "0-1"]
[WhiteElo "1492"]
[BlackElo "2106"]
[PlyCount "66"]
[EventDate "2023.12.11"]
[EventType "swiss"]
[EventRounds "7"]
[EventCountry "AUT"]
[SourceTitle "CB51_2023"]
[SourceDate "2023.12.20"]
[SourceVersion "1"]
[SourceVersionDate "2023.12.20"]
[SourceQuality "1"]

1. e4 c5 2. Nf3 e6 3. d4 cxd4 4. Nxd4 a6 5. Bd3 Qc7 6. c4 Nf6 7. Nc3 b6 8. 0-0 Bb7 9. Qe2 d6 10. b3 Nbd7 11. Bb2 Be7 12. Rac1 0-0 13. Rfd1 Rac8 14. Bb1 Qb8 15. Rd3 Rfe8 16. Rg3 Bf8 17. f4 g6 18. Rf1 Bg7 19. Nd1 e5 20. fxe5 dxe5 21. Nf3 Nh5 22. Rg4 Nf4 23. Qf2 f6 24. Kh1 Nc5 25. g3 Nfd3 26. Bxd3 Nxd3 27. Qxb6 f5 28. Rxg6 hxg6 29. Qxg6 Bxe4 30. g4 Qb7 31. gxf5 Bxf3+ 32. Kg1 Nf4 33. Qg5 Nh3# 0-1

[Event "Titled Tuesday intern op 05th Sep Late"]
[Site "Chess.com INT"]
[Date "2023.09.05"]
[Round "1"]
[White "Seyhanoglu, Deniz"]
[Black "Vovk, Orest"]
[Result "0-1"]
[WhiteElo "2118"]
[BlackElo "2315"]
[PlyCount "132"]
[EventDate "2023.09.05"]
[EventType "swiss (blitz)"]
[EventRounds "11"]
[EventCountry "USA"]
[SourceTitle "EXT 2024"]
[Source "ChessBase"]
[SourceDate "2023.10.10"]
[SourceVersion "1"]
[SourceVersionDate "2023.10.10"]
[SourceQuality "1"]

1. e4 g6 2. d4 Nf6 3. Nc3 d5 4. e5 Ne4 5. Bd3 Nxc3 6. bxc3 c5 7. f4 Nc6 8. Nf3 Qb6 9. Be3 Bg4 10. dxc5 Qa5 11. Qd2 Bxf3 12. gxf3 e6 13. c4 Qxd2+ 14. Kxd2 dxc4 15. Bxc4 0-0-0+ 16. Kc3 Ne7 17. Rhd1 Rxd1 18. Rxd1 Nf5 19. Bf2 Bh6 20. Bg3 Kc7 21. Bb5 Rd8 22. Rxd8 Kxd8 23. c6 b6 24. Kd3 Kc7 25. Ke4 Ne7 26. c4 Nxc6 27. Bf2 Bf8 28. h4 h5 29. Be3 Bb4 30. f5 gxf5+ 31. Kf4 Be7 32. Bf2 Bd8 33. Be1 f6 34. Bc3 fxe5+ 35. Bxe5+ Kd7 36. Kg3 a6 37. Bxc6+ Kxc6 38. Bd4 Bc7+ 39. Kf2 Bd6 40. Ke2 Bg3 41. Bf6 Kc5 42. Bd8 Kxc4 43. Bxb6 Bxh4 44. Ke3 Bg5+ 45. f4 Be7 46. Bc7 Kd5 47. Kf3 Bd6 48. Bd8 Bb4 49. Kg3 Ke4 50. Bc7 Be1+ 51. Kg2 h4 52. Kh3 Bg3 53. a4 Bxf4 54. Bb6 Bg3 55. Bd8 Kd5 56. Kg2 e5 57. Bc7 e4 58. Bb6 f4 59. Kf1 f3 60. Kg1 Kc4 61. Kh1 Kd3 62. a5 e3 63. Bc5 e2 64. Bg1 f2 65. Kg2 f1Q+ 66. Kh1 Qf3# 0-1

[Event "Titled Tuesday intern op 29th Aug Late"]
[Site "Chess.com INT"]
[Date "2023.08.29"]
[Round "6"]
[White "Erzhanov, Arman"]
[Black "Seyhanoglu, Deniz"]
[Result "1-0"]
[WhiteElo "2175"]
[BlackElo "2118"]
[PlyCount "107"]
[EventDate "2023.08.29"]
[EventType "swiss (blitz)"]
[EventRounds "11"]
[EventCountry "USA"]
[SourceTitle "EXT 2024"]
[Source "ChessBase"]
[SourceDate "2023.10.10"]
[SourceVersion "1"]
[SourceVersionDate "2023.10.10"]
[SourceQuality "1"]

1. e4 d5 2. exd5 Qxd5 3. Nf3 Bg4 4. Be2 Nf6 5. h3 Bh5 6. d4 c6 7. c4 Qa5+ 8. Nc3 e6 9. 0-0 Bd6 10. Qb3 Qb6 11. Qc2 Qc7 12. Bg5 Nbd7 13. Rad1 h6 14. Be3 0-0 15. Rfe1 Rad8 16. a3 Bg6 17. Qc1 Qb8 18. b4 Rfe8 19. Qb2 e5 20. c5 Bc7 21. d5 cxd5 22. Nxd5 Nxd5 23. Rxd5 Nf6 24. Rxd8 Rxd8 25. Rd1 Rxd1+ 26. Bxd1 Be4 27. Nd2 Bd5 28. Bb3 Qd8 29. a4 Bxb3 30. Qxb3 Qd5 31. Qc2 a6 32. b5 axb5 33. axb5 Ba5 34. Nc4 Bc7 35. b6 Bd8 36. Na5 Nd7 37. Nxb7 Qxb7 38. c6 Qc8 39. b7 Qc7 40. cxd7 Qxc2 41. b8Q Qd1+ 42. Kh2 Qxd7 43. Bb6 Kh7 44. Qxd8 Qf5 45. Qd2 e4 46. Be3 h5 47. h4 Qg4 48. g3 Qf3 49. Bf4 g6 50. Qe3 Qd1 51. Be5 Qc2 52. Qf4 Kg8 53. Qf6 Kf8 54. Qd8# 1-0

[Event "Titled Tuesday intern op 29th Aug Late"]
[Site "Chess.com INT"]
[Date "2023.08.29"]
[Round "3"]
[White "Merino Garcia, Rafael"]
[Black "Seyhanoglu, Deniz"]
[Result "0-1"]
[WhiteElo "2407"]
[BlackElo "2118"]
[PlyCount "100"]
[EventDate "2023.08.29"]
[EventType "swiss (blitz)"]
[EventRounds "11"]
[EventCountry "USA"]
[SourceTitle "EXT 2024"]
[Source "ChessBase"]
[SourceDate "2023.10.10"]
[SourceVersion "1"]
[SourceVersionDate "2023.10.10"]
[SourceQuality "1"]

1. d4 d5 2. Nf3 Nf6 3. Bf4 c6 4. e3 Bf5 5. c4 e6 6. Nc3 Nbd7 7. h3 h6 8. Bd3 Bxd3 9. Qxd3 Be7 10. 0-0 0-0 11. Rad1 Qa5 12. a3 dxc4 13. Qxc4 Nb6 14. Qe2 Nbd5 15. Nxd5 exd5 16. Ne5 Rfe8 17. Qf3 Ne4 18. Bxh6 f6 19. Qg4 Bf8 20. Nd7 Qc7 21. Nxf8 Kxf8 22. Bf4 Qf7 23. f3 f5 24. Qh4 Nf6 25. Be5 Re6 26. g4 fxg4 27. fxg4 Kg8 28. g5 Qg6 29. Kh2 Ne4 30. Qg4 Rae8 31. h4 Nf6 32. Qf3 Ne4 33. h5 Qxg5 34. Rg1 Qh4+ 35. Qh3 Qxh3+ 36. Kxh3 Nf2+ 37. Kh2 Nxd1 38. Rxd1 Rxe5 39. dxe5 Rxe5 40. Rd3 Rxh5+ 41. Kg3 Kf7 42. Rb3 b6 43. Rc3 c5 44. Rc1 Ke6 45. Rf1 Rf5 46. Rh1 Ke5 47. Rh7 Rf7 48. Rh5+ Ke4 49. Rh4+ Kxe3 50. Ra4 d4 0-1

[Event "Titled Tuesday intern op 29th Aug Late"]
[Site "Chess.com INT"]
[Date "2023.08.29"]
[Round "11"]
[White "Seyhanoglu, Deniz"]
[Black "Hirneise, Jens"]
[Result "1-0"]
[WhiteElo "2118"]
[BlackElo "2277"]
[PlyCount "207"]
[EventDate "2023.08.29"]
[EventType "swiss (blitz)"]
[EventRounds "11"]
[EventCountry "USA"]
[SourceTitle "EXT 2024"]
[Source "ChessBase"]
[SourceDate "2023.10.10"]
[SourceVersion "1"]
[SourceVersionDate "2023.10.10"]
[SourceQuality "1"]

1. e4 g6 2. d4 Bg7 3. Nc3 d6 4. g3 a6 5. a4 b6 6. Bg2 Bb7 7. Nge2 e6 8. 0-0 Ne7 9. Be3 h6 10. h4 Nd7 11. Qd2 e5 12. d5 f5 13. h5 g5 14. f4 g4 15. fxe5 Nxe5 16. exf5 Nc4 17. Qc1 Nxe3 18. Qxe3 0-0 19. Nd4 Bxd4 20. Qxd4 Nxf5 21. Qxg4+ Qg5 22. Qxg5+ hxg5 23. g4 Ne3 24. Rxf8+ Rxf8 25. Be4 Nxg4 26. Re1 Kg7 27. Bg2 Ne5 28. b3 Kh6 29. Ne4 Kxh5 30. c4 Kg6 31. Ng3 Rf4 32. Be4+ Kf7 33. Kg2 Bc8 34. Rh1 Rh4 35. Rf1+ Kg7 36. Bf5 Bb7 37. Be6 Kg6 38. Rf8 b5 39. cxb5 axb5 40. a5 Rd4 41. Rb8 Bxd5+ 42. Bxd5 Rxd5 43. a6 Rd2+ 44. Kf1 Ra2 45. Ra8 Nc6 46. Ne4 d5 47. Nc3 Ra1+ 48. Kf2 d4 49. Nxb5 Ra2+ 50. Kf3 d3 51. a7 d2 52. Ke2 Ra5 53. Rg8+ Kf7 54. a8Q Rxa8 55. Rxa8 g4 56. Kxd2 g3 57. Ra1 Ke6 58. Rg1 Kd5 59. Rxg3 Kc5 60. Rg5+ Kb6 61. Kc3 Nb8 62. Nd4 Nd7 63. Rg6+ Kb7 64. Rg7 Nb6 65. Nb5 Nd5+ 66. Kd4 Kc6 67. Nc3 Nb6 68. Rg6+ Kb7 69. Rxb6+ Kxb6 70. Kc4 Kc6 71. b4 Kb6 72. Na4+ Kc6 73. Nb2 Kb7 74. Kc5 Kb8 75. Nc4 Kb7 76. Na5+ Kb8 77. Kc6 Kc8 78. Nc4 Kb8 79. Ne3 Kc8 80. Nd5 Kb8 81. Nxc7 Ka7 82. Nd5 Kb8 83. Ne3 Ka7 84. b5 Kb8 85. Kb6 Kc8 86. Ka7 Kc7 87. b6+ Kc6 88. b7 Kc5 89. b8Q Kd4 90. Kb6 Kd3 91. Qc7 Ke2 92. Nf5 Kd3 93. Ng7 Ke4 94. Ne8 Kd5 95. Qd6+ Ke4 96. Kc5 Ke3 97. Qe5+ Kf3 98. Kc4 Kg4 99. Kd4 Kf3 100. Qf5+ Kg2 101. Ke3 Kg3 102. Qg5+ Kh2 103. Kf2 Kh1 104. Qh5# 1-0

[Event "Titled Tuesday intern op 18th Jul Late"]
[Site "Chess.com INT"]
[Date "2023.07.18"]
[Round "9"]
[White "Izuzquiza Gonzalez, Javier"]
[Black "Seyhanoglu, Deniz"]
[Result "1-0"]
[WhiteElo "1981"]
[BlackElo "2118"]
[PlyCount "77"]
[EventDate "2023.07.18"]
[EventType "swiss (blitz)"]
[EventRounds "11"]
[EventCountry "USA"]
[SourceTitle "EXT 2024"]
[Source "ChessBase"]
[SourceDate "2023.10.10"]
[SourceVersion "1"]
[SourceVersionDate "2023.10.10"]
[SourceQuality "1"]

1. d4 d5 2. c4 c6 3. Nf3 Nf6 4. g3 a6 5. Qc2 b5 6. b3 e6 7. Bg2 Be7 8. 0-0 Nbd7 9. Nbd2 Bb7 10. Bb2 0-0 11. Rad1 Rc8 12. e4 dxe4 13. Nxe4 Nxe4 14. Qxe4 Nf6 15. Qc2 bxc4 16. bxc4 Qb6 17. c5 Qc7 18. Ne5 Nd5 19. Be4 g6 20. Bc1 Bf6 21. Ng4 Bg7 22. Bg2 a5 23. Bh6 Ba6 24. Rfe1 Rfd8 25. Bxg7 Kxg7 26. Qd2 Qe7 27. Qh6+ Kg8 28. Re5 f6 29. Ree1 Re8 30. Bxd5 cxd5 31. Re3 Rb8 32. Rde1 Qf7 33. Qf4 Kg7 34. Qh6+ Kg8 35. Qf4 Kg7 36. Qd6 Bc8 37. Qxb8 e5 38. dxe5 Bxg4 39. exf6+ 1-0

[Event "Titled Tuesday intern op 18th Jul Late"]
[Site "Chess.com INT"]
[Date "2023.07.18"]
[Round "10"]
[White "Seyhanoglu, Deniz"]
[Black "Kostiukov, Alexandr"]
[Result "0-1"]
[WhiteElo "2118"]
[BlackElo "2271"]
[PlyCount "96"]
[EventDate "2023.07.18"]
[EventType "swiss (blitz)"]
[EventRounds "11"]
[EventCountry "USA"]
[SourceTitle "EXT 2024"]
[Source "ChessBase"]
[SourceDate "2023.10.10"]
[SourceVersion "1"]
[SourceVersionDate "2023.10.10"]
[SourceQuality "1"]

1. e4 c5 2. Nf3 g6 3. d4 cxd4 4. Nxd4 Bg7 5. Nc3 Nc6 6. Nde2 Nf6 7. g3 0-0 8. Bg2 Rb8 9. a4 a6 10. Nd5 d6 11. 0-0 e6 12. Nxf6+ Bxf6 13. c3 Qc7 14. Be3 Ne5 15. Bd4 Bg7 16. b3 Rd8 17. c4 b5 18. cxb5 axb5 19. a5 Ba6 20. f4 Ng4 21. h3 Nf6 22. b4 Nd7 23. Rc1 Qb7 24. Bxg7 Kxg7 25. e5 d5 26. Nd4 Rdc8 27. Qd2 Rc4 28. Rxc4 bxc4 29. Rb1 Bb5 30. Kh2 Qa7 31. Qc3 Rb7 32. Bf3 h5 33. h4 Nb8 34. g4 hxg4 35. Bxg4 Nc6 36. Rd1 Nxd4 37. Rxd4 Bd7 38. h5 Rxb4 39. hxg6 Rb3 40. Qd2 c3 41. Qf2 Rb2 42. Be2 Rxe2 43. Qxe2 Qxd4 44. gxf7 Qxf4+ 45. Kg1 Qc1+ 46. Kf2 Qb2 47. Ke3 d4+ 48. Kd3 Bb5+ 0-1

[Event "Be6!! Online Chess"]
[Site "Tornelo INT"]
[Date "2021.09.12"]
[Round "6"]
[White "Buker, Muhittin"]
[Black "Seyhanoglu, Deniz"]
[Result "0-1"]
[WhiteElo "1996"]
[BlackElo "2069"]
[PlyCount "90"]
[EventDate "2021.09.12"]
[EventType "swiss (blitz)"]
[EventRounds "8"]
[EventCountry "NET"]
[SourceTitle "CBM 204 Extra"]
[Source "ChessBase"]
[SourceDate "2021.11.30"]
[SourceVersion "1"]
[SourceVersionDate "2021.11.30"]
[SourceQuality "1"]

1. d4 d5 2. Nf3 c5 3. e3 Nc6 4. c3 Nf6 5. Bd3 Bg4 6. 0-0 e6 7. Nbd2 Bd6 8. h3 Bh5 9. Qc2 0-0 10. Re1 Rc8 11. Qb1 Bg6 12. Bxg6 hxg6 13. Qd3 a6 14. dxc5 Bxc5 15. e4 dxe4 16. Qxd8 Rfxd8 17. Nxe4 Nxe4 18. Rxe4 Rd1+ 19. Re1 Rxe1+ 20. Nxe1 Rd8 21. Kf1 e5 22. Ke2 f5 23. Nd3 Ba7 24. Bg5 Rd7 25. Rd1 e4 26. Nf4 Rxd1 27. Kxd1 Bxf2 28. Ke2 Bc5 29. Nxg6 Kf7 30. Nf4 Be7 31. h4 Bxg5 32. hxg5 Nd8 33. Ke3 Ne6 34. Nh3 g6 35. c4 Ke7 36. b4 Kd6 37. a4 a5 38. bxa5 Kc5 39. Nf2 Nxg5 40. Kf4 Ne6+ 41. Ke5 Nd4 42. Kf6 Kxc4 43. Kxg6 e3 44. Nd1 e2 45. Ne3+ Kd3 0-1

[Event "Be6!! Online Chess"]
[Site "Tornelo INT"]
[Date "2021.09.12"]
[Round "5"]
[White "Seyhanoglu, Deniz"]
[Black "Taskaya, Muhammed"]
[Result "1/2-1/2"]
[WhiteElo "2069"]
[BlackElo "1997"]
[PlyCount "69"]
[EventDate "2021.09.12"]
[EventType "swiss (blitz)"]
[EventRounds "8"]
[EventCountry "NET"]
[SourceTitle "CBM 204 Extra"]
[Source "ChessBase"]
[SourceDate "2021.11.30"]
[SourceVersion "1"]
[SourceVersionDate "2021.11.30"]
[SourceQuality "1"]

1. c4 e6 2. g3 d5 3. Bg2 Nf6 4. Nf3 Be7 5. d4 0-0 6. 0-0 c6 7. Qc2 Nbd7 8. Rd1 b6 9. b3 Bb7 10. Nc3 Rc8 11. e4 dxe4 12. Nxe4 c5 13. Nxf6+ Bxf6 14. Bb2 cxd4 15. Bxd4 Bxd4 16. Nxd4 Bxg2 17. Kxg2 Qf6 18. Nb5 a6 19. Nd6 Rcd8 20. Ne4 Qg6 21. Rd2 Nc5 22. Nxc5 Qxc2 23. Rxc2 bxc5 24. a3 Rb8 25. Rb1 a5 26. Rd2 Rb7 27. Rd6 Rfb8 28. Ra6 g6 29. Rxa5 Rxb3 30. Rxb3 Rxb3 31. h4 h5 32. Kf1 Rc3 33. Rxc5 Rxa3 34. Kg2 Kg7 35. Rc7 1/2-1/2

[Event "TUR Cup"]
[Site "Antalya"]
[Date "2020.01.29"]
[Round "5"]
[White "Seyhanoglu, Deniz"]
[Black "Ozsarilar, Osman Nuri"]
[Result "1-0"]
[WhiteElo "2087"]
[BlackElo "1724"]
[PlyCount "61"]
[EventDate "2020.01.26"]
[EventType "swiss"]
[EventRounds "11"]
[EventCountry "TUR"]
[SourceTitle "CBM 194 Extra"]
[Source "ChessBase"]
[SourceDate "2020.03.31"]
[SourceVersion "1"]
[SourceVersionDate "2020.03.31"]
[SourceQuality "1"]

1. c4 c6 2. e4 e6 3. d4 d5 4. Nc3 Bb4 5. e5 Ne7 6. a3 Bxc3+ 7. bxc3 Nd7 8. Nh3 dxc4 9. Bxc4 b5 10. Bd3 Nd5 11. Bd2 h6 12. Qg4 g5 13. Qh5 Nf8 14. Nxg5 hxg5 15. Qxh8 Nf4 16. Be4 Bb7 17. g3 Nd5 18. Qg7 Qd7 19. Qxg5 c5 20. 0-0 Nxc3 21. Bxc3 Bxe4 22. dxc5 Nh7 23. Qe3 Bd5 24. Ba5 Qe7 25. h4 Nf8 26. c6 Bxc6 27. Rac1 Qb7 28. Bb4 Nd7 29. Qg5 Nf8 30. Rxc6 Ng6 31. Rxe6+ 1-0

[Event "TUR-chT"]
[Site "Konya"]
[Date "2019.07.19"]
[Round "3.1"]
[White "Seyhanoglu, Deniz"]
[Black "Secer, Ata"]
[Result "0-1"]
[WhiteElo "2115"]
[BlackElo "2324"]
[PlyCount "78"]
[EventDate "2019.07.17"]
[EventType "team-tourn"]
[EventRounds "13"]
[EventCountry "TUR"]
[SourceTitle "CBM 191 Extra"]
[Source "ChessBase"]
[SourceDate "2019.09.30"]
[SourceVersion "1"]
[SourceVersionDate "2019.09.30"]
[SourceQuality "1"]
[WhiteTeam "Ordu Buyuksehir Belediye"]
[BlackTeam "Hatay Buyuksehir"]
[WhiteTeamCountry "TUR"]
[BlackTeamCountry "TUR"]

1. c4 Nf6 2. Nc3 e5 3. g3 Bb4 4. Bg2 Bxc3 5. bxc3 0-0 6. d3 Re8 7. e4 c6 8. Ne2 d5 9. cxd5 cxd5 10. 0-0 dxe4 11. dxe4 Nc6 12. Be3 Be6 13. f3 Qxd1 14. Rfxd1 Red8 15. Rxd8+ Rxd8 16. Bf1 Ne8 17. Nc1 Nd6 18. Nb3 b6 19. Rd1 Kf8 20. Bc1 Ke8 21. Ba3 Nc4 22. Rxd8+ Kxd8 23. Bxc4 Bxc4 24. Kf2 g6 25. Nc1 Kd7 26. Ke3 Ke6 27. Bf8 f5 28. Kd2 h5 29. Ke3 g5 30. f4 exf4+ 31. gxf4 g4 32. e5 h4 33. Bh6 h3 34. Kf2 Kd5 35. Bg5 Ke4 36. Nb3 Kd3 37. Nd4 Nxd4 38. cxd4 Bxa2 39. Bf6 b5 0-1

[Event "TUR-chT 2nd League"]
[Site "Konya"]
[Date "2018.07.22"]
[Round "9.3"]
[White "Koc, Serkan"]
[Black "Seyhanoglu, Deniz"]
[Result "0-1"]
[WhiteElo "1658"]
[BlackElo "2086"]
[PlyCount "68"]
[EventDate "2018.07.16"]
[EventType "team-swiss"]
[EventRounds "9"]
[EventCountry "TUR"]
[SourceTitle "EXT 2019"]
[Source "ChessBase"]
[SourceDate "2018.10.10"]
[SourceVersion "1"]
[SourceVersionDate "2018.10.10"]
[SourceQuality "1"]
[WhiteTeam "Samsun Gercek"]
[BlackTeam "Istanbul Moda"]
[WhiteTeamCountry "TUR"]
[BlackTeamCountry "TUR"]

1. e4 c5 2. Nf3 e6 3. d4 cxd4 4. Nxd4 a6 5. Bd3 Nf6 6. 0-0 Qc7 7. Qe2 d6 8. c4 Nbd7 9. Nc3 b6 10. Be3 Bb7 11. Rac1 Be7 12. a3 0-0 13. b4 Rac8 14. f4 Qb8 15. g4 Qa8 16. Bd2 g6 17. g5 Nh5 18. Qg4 Ng7 19. Rce1 Bd8 20. Qh3 b5 21. cxb5 Bb6 22. Nce2 Bxe4 23. Bxe4 Qxe4 24. Be3 e5 25. Ng3 Qb7 26. bxa6 Qa7 27. Ndf5 gxf5 28. Nxf5 Nxf5 29. Qxf5 Bxe3+ 30. Kg2 exf4 31. Rf3 Ne5 32. Rh3 Qa8+ 33. Kf1 Qh1+ 34. Ke2 Qg2+ 0-1

[Event "TUR-chT 2nd League"]
[Site "Konya"]
[Date "2018.07.21"]
[Round "8.1"]
[White "Seyhanoglu, Deniz"]
[Black "Yelken, Mustafa"]
[Result "0-1"]
[WhiteElo "2086"]
[BlackElo "2206"]
[PlyCount "68"]
[EventDate "2018.07.16"]
[EventType "team-swiss"]
[EventRounds "9"]
[EventCountry "TUR"]
[SourceTitle "EXT 2019"]
[Source "ChessBase"]
[SourceDate "2018.10.10"]
[SourceVersion "1"]
[SourceVersionDate "2018.10.10"]
[SourceQuality "1"]
[WhiteTeam "Istanbul Moda"]
[BlackTeam "Ankara DSI Genclik"]
[WhiteTeamCountry "TUR"]
[BlackTeamCountry "TUR"]

1. c4 b6 2. g3 Bb7 3. Nf3 Nf6 4. Bg2 e6 5. 0-0 Be7 6. b3 0-0 7. Bb2 c5 8. e3 d5 9. Nc3 Nc6 10. cxd5 Nxd5 11. Nxd5 exd5 12. d4 Ba6 13. Re1 c4 14. bxc4 dxc4 15. Qa4 Qc8 16. Ne5 Nxe5 17. Bxa8 Nd3 18. Re2 b5 19. Qc2 Qxa8 20. e4 b4 21. Re3 Nxb2 22. Qxb2 c3 23. Qc2 Bc4 24. a3 a5 25. axb4 Bxb4 26. Rxc3 Bxc3 27. Qxc3 Rc8 28. f3 a4 29. Kh1 Bb3 30. Qb4 Qb8 31. Qa5 Qc7 32. Qa6 Qc3 33. Kg2 Qb2+ 34. Kh3 Be6+ 0-1

[Event "TUR-chT 2nd League"]
[Site "Konya"]
[Date "2018.07.20"]
[Round "7.5"]
[White "Seyhanoglu, Deniz"]
[Black "Demirag, Batuhan"]
[Result "1-0"]
[WhiteElo "2086"]
[BlackElo "1975"]
[PlyCount "73"]
[EventDate "2018.07.16"]
[EventType "team-swiss"]
[EventRounds "9"]
[EventCountry "TUR"]
[SourceTitle "EXT 2019"]
[Source "ChessBase"]
[SourceDate "2018.10.10"]
[SourceVersion "1"]
[SourceVersionDate "2018.10.10"]
[SourceQuality "1"]
[WhiteTeam "Istanbul Moda"]
[BlackTeam "Mugla Ortaca Belediye"]
[WhiteTeamCountry "TUR"]
[BlackTeamCountry "TUR"]

1. c4 c5 2. g3 Nf6 3. Bg2 e6 4. Nf3 Be7 5. 0-0 0-0 6. d4 cxd4 7. Nxd4 a6 8. Nc3 d6 9. b3 Nbd7 10. Qd2 Qc7 11. Rd1 Rd8 12. Ba3 Ne5 13. Rac1 Bd7 14. e3 Rac8 15. f4 Ng6 16. h3 Qb8 17. Kh2 b5 18. cxb5 axb5 19. Bb4 d5 20. Bxe7 Nxe7 21. b4 Be8 22. Bf1 Ne4 23. Nxe4 dxe4 24. Rxc8 Nxc8 25. Qb2 Ne7 26. Bg2 e5 27. fxe5 Qxe5 28. Qc2 Nd5 29. Nc6 Bxc6 30. Qxc6 h5 31. Kh1 g6 32. Qxb5 Rd6 33. Rd4 Qg5 34. Qe8+ Kg7 35. Qxe4 Nc3 36. Qd3 Rxd4 37. Qxc3 1-0

[Event "Izmir op 16th"]
[Site "Izmir"]
[Date "2017.09.07"]
[Round "5"]
[White "Ozkeskin, Nazim Efe"]
[Black "Seyhanoglu, Deniz"]
[Result "1/2-1/2"]
[WhiteElo "1523"]
[BlackElo "2111"]
[PlyCount "98"]
[EventDate "2017.09.05"]
[EventType "swiss"]
[EventRounds "9"]
[EventCountry "TUR"]
[SourceTitle "CBM 180 Extra"]
[Source "ChessBase"]
[SourceDate "2017.10.06"]
[SourceVersion "1"]
[SourceVersionDate "2017.10.06"]
[SourceQuality "1"]

1. e4 c5 2. Nf3 e6 3. d4 cxd4 4. Nxd4 a6 5. c4 Nf6 6. Nc3 Qc7 7. Be3 b6 8. Bd3 Bb7 9. f4 d6 10. 0-0 Nbd7 11. b4 d5 12. e5 Ne4 13. Bxe4 dxe4 14. Qb3 Rc8 15. Rac1 Qxc4 16. Nxe4 Qxb3 17. Rxc8+ Bxc8 18. Nxb3 Bxb4 19. Nd6+ Bxd6 20. exd6 f6 21. Rc1 Kf7 22. Rc7 Kg6 23. Nd4 Nb8 24. Nc6 Nxc6 25. Rxc6 Bd7 26. Rxb6 Bb5 27. Rb7 Rd8 28. Bc5 Rd7 29. Rxd7 Bxd7 30. Kf2 Kf5 31. Ke3 Bc6 32. h3 h5 33. g3 g6 34. Bb4 e5 35. fxe5 fxe5 36. a3 Ke6 37. Bc5 Kd5 38. Bb4 Kc4 39. d7 Bxd7 40. Ke4 Bxh3 41. Kxe5 Kd3 42. Kf6 Bf5 43. Kg5 Ke4 44. Bd6 Kd5 45. Bf4 Kc5 46. Bb8 Kc6 47. Bf4 Kc5 48. Bb8 Kc4 49. Bd6 Kd5 1/2-1/2

[Event "Izmir op 16th"]
[Site "Izmir"]
[Date "2017.09.06"]
[Round "2"]
[White "Seyhanoglu, Deniz"]
[Black "Hafizoglu, Bengi"]
[Result "1-0"]
[WhiteElo "2111"]
[BlackElo "1613"]
[PlyCount "123"]
[EventDate "2017.09.05"]
[EventType "swiss"]
[EventRounds "9"]
[EventCountry "TUR"]
[SourceTitle "CBM 180 Extra"]
[Source "ChessBase"]
[SourceDate "2017.10.06"]
[SourceVersion "1"]
[SourceVersionDate "2017.10.06"]
[SourceQuality "1"]

1. e4 c5 2. Nf3 Nc6 3. d4 cxd4 4. Nxd4 g6 5. Nc3 Bg7 6. Nde2 Nf6 7. g3 0-0 8. Bg2 d6 9. 0-0 Bd7 10. Nd5 Nxd5 11. exd5 Ne5 12. a4 Qc8 13. Ra2 Bh3 14. b3 Bxg2 15. Kxg2 Nd7 16. c4 Qc7 17. Re1 Rfe8 18. Bb2 Bxb2 19. Rxb2 a6 20. Nd4 Qc5 21. Rbe2 Kf8 22. Qd2 Nf6 23. h4 Qc7 24. h5 Kg7 25. Qg5 Qd7 26. f3 h6 27. Ne6+ fxe6 28. Qxg6+ Kh8 29. Qxh6+ Nh7 30. Rxe6 Rac8 31. g4 Qd8 32. g5 Rg8 33. Rxe7 Rxg5+ 34. Kh1 Qg8 35. Rxh7+ Qxh7 36. Qxg5 Rg8 37. Qf6+ Qg7 38. Re6 Rf8 39. Qxg7+ Kxg7 40. Kg2 Rd8 41. Re7+ Kh6 42. Rxb7 Kxh5 43. Rb6 Kh4 44. Rxa6 Rg8+ 45. Kf2 Rd8 46. a5 Kg5 47. Ke3 Kf5 48. b4 Re8+ 49. Kd4 Rb8 50. Rb6 Rd8 51. a6 Kf4 52. a7 Ra8 53. Ra6 Kxf3 54. b5 Kf4 55. b6 Kf5 56. b7 Re8 57. Rxd6 Rf8 58. b8Q Rxb8 59. axb8Q Kg5 60. Qf8 Kh5 61. Qg7 Kh4 62. Rh6# 1-0

[Event "Izmir op 16th"]
[Site "Izmir"]
[Date "2017.09.05"]
[Round "1"]
[White "Ozturk, Nil"]
[Black "Seyhanoglu, Deniz"]
[Result "0-1"]
[WhiteElo "1246"]
[BlackElo "2111"]
[PlyCount "112"]
[EventDate "2017.09.05"]
[EventType "swiss"]
[EventRounds "9"]
[EventCountry "TUR"]
[SourceTitle "CBM 180 Extra"]
[Source "ChessBase"]
[SourceDate "2017.10.06"]
[SourceVersion "1"]
[SourceVersionDate "2017.10.06"]
[SourceQuality "1"]

1. e4 c5 2. Nf3 e6 3. c3 Nf6 4. e5 Nd5 5. d4 cxd4 6. cxd4 b6 7. a3 Bb7 8. Bd3 d6 9. 0-0 Nd7 10. Re1 dxe5 11. dxe5 Be7 12. b4 0-0 13. Qe2 Re8 14. Qe4 Nf8 15. Qg4 f5 16. exf6 Nxf6 17. Qc4 Rc8 18. Qb3 Bd5 19. Qd1 Rxc1 20. Qxc1 Bxf3 21. Bxh7+ N8xh7 22. gxf3 Qd5 23. Qe3 Ng5 24. Kg2 Ng4 25. Qf4 Nxh2 26. Re5 Qxf3+ 27. Qxf3 Nhxf3 28. Re3 Nh4+ 29. Kf1 Nf5 30. Re1 Nd4 31. Ra2 Rc8 32. Nd2 Bf6 33. Kg2 e5 34. Ne4 Nxe4 35. Rxe4 Kf7 36. a4 a6 37. a5 b5 38. Rd2 Rc4 39. Rb2 Ke6 40. Kf1 Kd5 41. Re1 Be7 42. Reb1 Bd6 43. Kg2 Nc6 44. Rd1+ Rd4 45. Rxd4+ exd4 46. Kf1 Bxb4 47. Ra2 d3 48. f3 Bxa5 49. Kf2 Bb6+ 50. Ke1 a5 51. Kd2 Kd4 52. Rb2 b4 53. Rb3 Ne5 54. f4 Nc4+ 55. Kd1 Bc5 56. f5 a4 0-1

[Event "Kesan op 15th"]
[Site "Kesan"]
[Date "2017.08.18"]
[Round "9"]
[White "Grigoriev, A."]
[Black "Seyhanoglu, Deniz"]
[Result "0-1"]
[WhiteElo "2160"]
[BlackElo "2060"]
[PlyCount "172"]
[EventDate "2017.08.13"]
[EventType "swiss"]
[EventRounds "9"]
[EventCountry "TUR"]
[SourceTitle "CBM 180 Extra"]
[Source "ChessBase"]
[SourceDate "2017.10.06"]
[SourceVersion "1"]
[SourceVersionDate "2017.10.06"]
[SourceQuality "1"]

1. Nf3 c5 2. b3 b6 3. Bb2 Bb7 4. e3 e6 5. d4 Nf6 6. Nbd2 Be7 7. Bd3 0-0 8. 0-0 d6 9. Qe2 Nbd7 10. c4 Qc7 11. Rad1 Rfe8 12. Nb1 Rac8 13. Nc3 cxd4 14. Nxd4 Qb8 15. Bb1 Qa8 16. f3 a6 17. Rfe1 Qb8 18. Rd2 Bd8 19. Qf2 Ne5 20. Red1 Bc7 21. Nce2 Ng6 22. Ng3 Ba8 23. Nf1 Red8 24. Ne2 d5 25. cxd5 Nxd5 26. Neg3 Nde7 27. Be4 Bxe4 28. Nxe4 Rxd2 29. Rxd2 Rd8 30. Rc2 Nd5 31. Qe1 b5 32. Nc5 Bb6 33. b4 Qa7 34. a3 Rc8 35. e4 Ndf4 36. Kh1 e5 37. Qc1 Bxc5 38. Rxc5 Rxc5 39. Qxc5 Qxc5 40. bxc5 Nd3 41. Bc3 Nxc5 42. Ne3 f6 43. g3 Nf8 44. Kg2 Kf7 45. Kf1 Nfd7 46. Ke2 Ke6 47. Bb4 Nb3 48. f4 Nb6 49. f5+ Kf7 50. g4 a5 51. Bc3 Ke7 52. g5 Kd6 53. h4 Nd4+ 54. Kd3 Nc6 55. Ng4 Nd7 56. Bd2 Nc5+ 57. Ke3 Nd7 58. Kd3 Nc5+ 59. Ke3 Ke7 60. Nf2 Nb3 61. Bc3 Nbd4 62. Kd3 fxg5 63. hxg5 Nf3 64. Ng4 Kd6 65. g6 hxg6 66. fxg6 Nh4 67. Ne3 Ke6 68. Nd5 Nxg6 69. Nc7+ Kd6 70. Nxb5+ Kc5 71. Nc7 Nf4+ 72. Ke3 Kc4 73. Bxe5 Ng2+ 74. Kf2 Nxe5 75. Kxg2 Kb3 76. Ne6 Kxa3 77. Nxg7 a4 78. Ne6 Kb2 79. Kg3 a3 80. Kf4 Nc6 81. Nc5 a2 82. Nd3+ Kc3 83. Ke3 a1Q 84. e5 Qg1+ 85. Nf2 Nd4 86. e6 Qe1+ 0-1